000 02772nam a2200241 a 4500
999 _c3146
_d3146
001 3146
003 BD-JhCC
005 20180422131555.0
008 171111s1993 bg ||||| |||| 00| 0 ben d
020 _a9847022010065
035 _a(BD-JhCC)3146
040 _aBD-JhCC
_dBD-JhCC
041 _aben
082 _a954.92
_bNOV 1993
100 _aনোভাক, জেমস জে
245 _aবাংলাদেশ জলে যার প্রতিবিম্ব /
_c জেমস জে নোভাক
260 _aঢাকা :
_bদি ইউনিভার্সিটি প্রেস লিমিটেড,
_c1993.
300 _a299 p. :
_c21 cm.
520 _aএই বইটি বাংলাদেশ এবং এর মানুষ সম্পর্কে একটি ব্যক্তিগত এবং অন্তর-অনুসন্ধানী বিবরণী। এই বইয়ে জেমস জে. নোভাক দেশটির অর্থনীতি, জনগণের জীবনধারায় ও মনস্তত্ত্বে ঋতু বৈচিত্র্যের গুরুত্ব, ইতিহাস, ভৌগলিক বৈশিষ্ট্য, সঙ্গীত, শিল্পকলা, কাব্য, চিন্তাধারা এবং রাজনৈতিক জীবন সম্পর্কে তাঁর উপলব্ধি বিবৃত করেছেন। বাংলাদেশের স্বাধীনতা সংগ্রাম সম্পর্কে একটি অপূর্ব বিশ্লেষণও তিনি উপস্থাপন করেছেন। দেশটির আধুনিক ইতিহাসে জাতীয়তাবাদের উন্মেষ ও বিকাশ সম্পর্কে এখন পর্যন্ত এটিই বোধ করি একমাত্র পূর্ণাঙ্গ বিশ্লেষণ। কবিতা, গদ্য এবং গানে বিধৃত এই জাতীয়তাবাদ। একে যেমন ব্যবহার করা হয়েছে ধর্ম, সাংস্কৃতিক অভিব্যক্তি, কবিতা এবং শিল্পকলার মধ্যকার ক্রিয়া-প্রতিক্রিয়াকে চিত্রায়িত করার জন্যে, তেমনি ব্যবহার করা হয়েছে সংস্কৃতির রাজনৈতিক চিন্তার রূপান্তরকে মূর্ত করে তোলার জন্যে।
650 _aBangladesh
942 _2ddc
_cBK